000
00318nam a2200121Ia 4500
999
_c
14384
_d
14384
008
260210s9999 xx 000 0 und d
020
_a
9783869226873
082
_a
720.284
100
_a
Gasperoni
245
0
_a
Construction And Design Manual: Experimental Diagrams In Architecture
260
_b
DOM
942
_c
UG
_2
ddc